000 01121nam a2200289 i 4500
001 768714001
003 CO-MdFUSB
005 20220523113637.0
007 ta
008 211020t1950 -us |||| |||| 00| 0 eng d
020 _a[No incluye ISBN]
040 _aCO-MdFUSB
_bspa
_cCO-MdFUSB
_dCO-MdFUSBC
_erda
041 _aeng
090 _aAV 0124
110 _aCatholic Truth Society
245 1 4 _aThe priestly life = Menti nostrae :
_bapostolic exhortation of His Holiness Pope Pius XII by divine providence Pope to the clergy of the world at peace and in communion with the Apostolic See on the sanctification of the priestly life.
_c/ Catholic Truth Society
264 0 _aLondres :
_bCatholic Truth Society,
_c[1950]
300 _a48 páginas
_c; 19 cm
336 _2rdacontent
_atexto
_btdi
337 _2rdamedia
_asin mediación
_bn
338 _2rdacarrier
_avolumen
_bnc
505 _aA nuestra mente. -- Nuestras mentes. -- Santificación de la vida sacerdotal
563 _aRústico
653 _a Iglesia católica - Clero - Vida religiosa - Documentos papales.
942 _cAV
999 _c66979
_d66979